<?xml version="1.0" encoding="UTF-8"?>
<record
    xmlns:xsi="http://www.w3.org/2001/XMLSchema-instance"
    xsi:schemaLocation="http://www.loc.gov/MARC21/slim http://www.loc.gov/standards/marcxml/schema/MARC21slim.xsd"
    xmlns="http://www.loc.gov/MARC21/slim">

  <leader>01486nam a22002177a 4500</leader>
  <controlfield tag="005">20140828095031.0</controlfield>
  <controlfield tag="008">140825|2009        xxu||||| |||| 00| 0 ck  spa d</controlfield>
  <datafield tag="041" ind1=" " ind2=" ">
    <subfield code="a">spa</subfield>
  </datafield>
  <datafield tag="044" ind1=" " ind2=" ">
    <subfield code="a">ck</subfield>
  </datafield>
  <datafield tag="082" ind1=" " ind2=" ">
    <subfield code="a">333.32</subfield>
    <subfield code="b">A26c</subfield>
  </datafield>
  <datafield tag="110" ind1=" " ind2=" ">
    <subfield code="a">Colombia </subfield>
    <subfield code="b">Agencia Presidencial para la Acci&#xF3;n Social y la Cooperaci&#xF3;n Internacional-Acci&#xF3;n Social </subfield>
    <subfield code="9">26088</subfield>
  </datafield>
  <datafield tag="245" ind1=" " ind2=" ">
    <subfield code="a">Consideraciones para la formalizaci&#xF3;n de la tenencia de Bienes Inmuebles en Zonas de Reserva Forestal Ley 2/59 /</subfield>
    <subfield code="c">Agencia Presidencial para la Acci&#xF3;n Social y la Cooperaci&#xF3;n Internacional-Acci&#xF3;n Social</subfield>
  </datafield>
  <datafield tag="260" ind1=" " ind2=" ">
    <subfield code="a">Bogot&#xE1;, Colombia</subfield>
    <subfield code="b">Agencia Presidencial para la Acci&#xF3;n Social y la Cooperaci&#xF3;n Internacional-Acci&#xF3;n Social</subfield>
    <subfield code="b">Proyecto Protecci&#xF3;n de Tierras y Patrimonio de la Poblaci&#xF3;n Desplazada  </subfield>
    <subfield code="b">Ministerio de Ambiente, Vivienda y Desarrollo Territorial</subfield>
    <subfield code="b">The World Bank </subfield>
    <subfield code="b">Asdi</subfield>
    <subfield code="b">La Agencia de la ONU para los Refugiados-UNHCR-ACNUR</subfield>
    <subfield code="b">Embajada de Espa&#xF1;a en Colombia</subfield>
    <subfield code="b">Oficina T&#xE9;cnica de Cooperaci&#xF3;n-aecid</subfield>
    <subfield code="b">USAID Del Pueblo de los Estados Unidos de Am&#xE9;rica</subfield>
    <subfield code="b">IOM-OIM</subfield>
    <subfield code="b">Corporaci&#xF3;n Opci&#xF3;n Legal</subfield>
    <subfield code="c">2009</subfield>
  </datafield>
  <datafield tag="300" ind1=" " ind2=" ">
    <subfield code="a">92 p.</subfield>
    <subfield code="b">Fot., mapas, tablas.</subfield>
    <subfield code="c">28 cm.</subfield>
  </datafield>
  <datafield tag="490" ind1=" " ind2=" ">
    <subfield code="a">Documentos de Trabajo</subfield>
    <subfield code="v">2</subfield>
  </datafield>
  <datafield tag="650" ind1=" " ind2="4">
    <subfield code="a">Reservas forestales</subfield>
    <subfield code="x">Legislaci&#xF3;n</subfield>
    <subfield code="z">Colombia</subfield>
    <subfield code="9">26089</subfield>
  </datafield>
  <datafield tag="650" ind1=" " ind2="4">
    <subfield code="a">Tenencia de la tierra</subfield>
    <subfield code="x">Legislaci&#xF3;n</subfield>
    <subfield code="z">Colombia .</subfield>
    <subfield code="9">26090</subfield>
  </datafield>
  <datafield tag="650" ind1=" " ind2="4">
    <subfield code="a">Desplazamiento forzado</subfield>
    <subfield code="z">Colombia</subfield>
    <subfield code="9">26091</subfield>
  </datafield>
  <datafield tag="710" ind1=" " ind2=" ">
    <subfield code="a">Colombia</subfield>
    <subfield code="b">Proyecto Protecci&#xF3;n de Tierras y Patrimonio de la Poblaci&#xF3;n Desplazada </subfield>
    <subfield code="9">26092</subfield>
  </datafield>
  <datafield tag="942" ind1=" " ind2=" ">
    <subfield code="2">ddc</subfield>
    <subfield code="c">LIBRO</subfield>
  </datafield>
  <datafield tag="999" ind1=" " ind2=" ">
    <subfield code="c">8623</subfield>
    <subfield code="d">8623</subfield>
  </datafield>
  <datafield tag="952" ind1=" " ind2=" ">
    <subfield code="0">0</subfield>
    <subfield code="1">0</subfield>
    <subfield code="2">ddc</subfield>
    <subfield code="4">0</subfield>
    <subfield code="7">0</subfield>
    <subfield code="8">GENERAL</subfield>
    <subfield code="I">INV2017</subfield>
    <subfield code="a">Bogota</subfield>
    <subfield code="b">Bogota</subfield>
    <subfield code="d">2014-08-25</subfield>
    <subfield code="e">Instituto</subfield>
    <subfield code="g">39000.00</subfield>
    <subfield code="l">0</subfield>
    <subfield code="o">LB-333.32 A26c</subfield>
    <subfield code="p">034612</subfield>
    <subfield code="r">2014-08-25 00:00:00</subfield>
    <subfield code="t">Ej. 1</subfield>
    <subfield code="w">2014-08-25</subfield>
    <subfield code="x">Donaci&#xF3;n</subfield>
    <subfield code="y">LIBRO</subfield>
  </datafield>
</record>
